[Event "Ekaterinburg Scerbin Memorial"]
[Site "Ekaterinburg"]
[Date "2021.12.18"]
[Round "1"]
[White "Chigaev, Maksim"]
[Black "Kovalev, Timofey"]
[Result "1/2-1/2"]
[WhiteElo "2632"]
[BlackElo "1153"]
[PlyCount "83"]
[EventDate "2021.12.18"]
[EventType "swiss (rapid)"]
[EventRounds "9"]
[EventCountry "RUS"]
[SourceTitle "CBM 205 Extra"]
[Source "ChessBase"]
[SourceDate "2022.01.31"]
[SourceVersion "1"]
[SourceVersionDate "2022.01.31"]
[SourceQuality "1"]

1. d4 Nf6 2. c4 d6 3. Nf3 c6 4. Nc3 Bg4 5. g3 Nbd7 6. Bg2 e5 7. 0-0 Be7 8. h3 Bh5 9. Nh4 0-0 10. Nf5 Re8 11. g4 Bg6 12. Nxe7+ Qxe7 13. b3 h6 14. Ba3 Rab8 15. Rc1 c5 16. e3 a6 17. Kh2 b5 18. cxb5 axb5 19. Bb2 b4 20. Nd5 Nxd5 21. Bxd5 cxd4 22. exd4 e4 23. Qe2 Qg5 24. Bc6 Re7 25. Qe3 Qh4 26. Qg3 Qxg3+ 27. Kxg3 Nf6 28. d5 Nd7 29. h4 h5 30. g5 Nc5 31. Bd4 Nd3 32. Rc4 Rf8 33. Be3 f6 34. gxf6 Rxf6 35. f4 Bf5 36. Kh2 Ref7 37. Rg1 Kh7 38. Be8 Rf8 39. Bxh5 Ra8 40. Rg2 Ra5 41. Rc7 Bg6 42. f5 1/2-1/2